000
00286nam a22001217a 4500
008
230704b xxu||||| |||| 00| 0 eng d
082
_a
340.3
_b
KEN
100
_c
GOK
245
_a
Kenya law reform commission
_b
Eleventh Annual report
260
_c
1993
300
_a
19p
942
_2
ddc
_c
BK
999
_c
3637
_d
3637